000 00486nam a2200193Ia 4500
003 OSt
005 20220702105544.0
008 210210b1944 xxu||||| |||| 00| 0 eng d
040 _cAL
041 _aeng
082 _a335/236
100 _aNARAYANASWAMY
_946704
245 _aEconomics of Indian agriculture Part I
260 _aMadras
_bRochouse & Sons Pvt Ltd.,
_c1944
690 _aIndian Economics
_946705
700 _aNARASIMHAN
_946706
906 _a004578
942 _2ddc
_cBK
999 _c126539
_d126539